000 00400nam a2200133Ia 4500
008 220217s9999||||xx |||||||||||||| ||und||
020 _a9789386858122
082 _a620.106 POT
100 _aPotter, Merle, C., Wiggert, David, C and Ramdan, Bassem, H
_910055
245 0 _aMechanics of fluids
260 _aCengage learning
_bNew Delhi
_c2017
300 _aXIX, 793p.
_b999
650 _aMechanics
999 _c188043
_d188043